000 00414nam a2200157Ia 4500
003 Ost
005 20260225132539.0
008 260225s9999||||xx |||||||||||||| ||und||
040 _cfsic
041 _afre
082 _a303.6
100 _aJean christophe romer
_eAuteur
245 0 _aLe monde en crise depuis 1973.Triomphe et décadence de la bipolarité /
245 0 _cJean christophe romer
942 _cكتاب
999 _c33410
_d33410